|
|
|
|
| LEADER |
00000cam a2200000 7i4500 |
| 001 |
0000152131 |
| 005 |
20111023.0 |
| 020 |
|
|
|a 9780547342405
|
| 090 |
0 |
0 |
|a 690.881
|b MAC
|
| 100 |
1 |
|
|a Macaulay, David
|
| 245 |
1 |
0 |
|a Built to last
|c David Macaulay
|
| 260 |
|
|
|a Boston :
|b Houghton Mifflin Books for Children ,
|c 2010
|
| 300 |
|
|
|a 272p. ;
|c 28cm.
|
| 650 |
0 |
0 |
|a Castles
|z Wales
|x Design and constructions
|x Juvenile literature
|
| 650 |
0 |
0 |
|a Cathedral
|z Wales
|x Design and constructions
|x Juvenile literature
|
| 650 |
0 |
0 |
|a Mosque
|z Mecca
|x Design and constructions
|x Juvenile literature
|
| 999 |
|
|
|a 00253050
|b BUKU
|c JUNIOR BOOKS
|e PERPUSTAKAAN KOMUNITI PETALING JAYA
|
| 999 |
|
|
|a 00411732
|b BUKU
|c JUNIOR BOOKS
|e PERPUSTAKAAN KOMUNITI CAW KOTA DAMANSARA
|